Black Friday - Tom Odell (All Lyrics) - Statistics

General Stats
  • This quiz has been taken 321 times
  • The average score is 146 of 183
Answer Stats
Answer % Correct
I
99%
you
95%
You
95%
a
94%
be
94%
it
93%
me
92%
me?
92%
the
91%
The
91%
wanna
89%
Wanna
89%
it's
88%
It's
88%
like
88%
so
88%
your
88%
all
86%
to
86%
do
85%
pretty
85%
Pretty
85%
Black
84%
black
84%
Friday
84%
go
84%
in
84%
sun
84%
have
83%
look
83%
What
82%
fun
81%
could
80%
my
80%
party
80%
how
79%
show
79%
done?
78%
head
78%
is
78%
want
78%
mind
77%
and
76%
skin
76%
Every
75%
friends
75%
happy
75%
perfect
75%
better
73%
body
73%
feel
72%
on
72%
other
72%
watch
72%
wind
72%
of
71%
week
71%
You're
71%
happening
69%
shine
69%
touch
69%
Where
69%
hand
68%
I'm
68%
time
68%
end
67%
mirror
67%
see
67%
take
67%
forever
66%
us?
66%
Who
66%
kind
65%
selfish
65%
everyone
64%
while
63%
adrenaline
62%
can't
62%
light
62%
hold
61%
trust?
61%
against
59%
gently
59%
taxi
59%
We're
59%
cheek
58%
darkness
58%
breathe
57%
up
57%
Baby
54%
seat
53%
middle
52%
loved
38%
that
37%
thought
32%
No matching quizzes found
Score Distribution
Percent of People with Each Score
Percentile by Number Answered
Your Score History
You have not taken this quiz